000 00566nam a2200193Ia 4500
003 GCL
008 140319s9999 xx 000 0 eng d
020 _a977424365X
040 _aGCL /
_cGCL
082 0 4 _aCC
_b932
_bT E
100 1 _aTRIGGER, BRUCE G.
245 1 0 _aEARLY CIVILIZATION :
_bANCIENT EGYPT IN CONTEXT /
_cTRIGGER, BRUCE G.
260 _aالقاهرة :
_bTHE AMERICAN UNIVERSITY IN CAIRO PRESS ،
_c2000
300 _a18 CM ؛
_c158 P
650 0 4 _aCIVILIZATION
650 0 4 _aCIVILIZATION, ANCIENT
650 0 4 _aEGYPT - HISTORY
942 _2ddc
_cBK
999 _c1042
_d1042